1993 African socio-economic indicators =
| Format: | Book |
|---|---|
| Published: |
[s.l]:
United Nations, Economic Commission for Africa,
1993.
|
| Subjects: |
| LEADER | 00553cam a2200157 7i4500 | ||
|---|---|---|---|
| 001 | 0000005766 | ||
| 005 | 19991025090000.0 | ||
| 002 | ##000007409 | ||
| 020 | 0 | 0 | |a 92-1-025045-1 |
| 090 | 0 | 0 | |a STAT 310.9 |b AFR (AFRI) |
| 245 | 0 | 0 | |a 1993 African socio-economic indicators = |l 1993 indicateurs socio-economiques Africans. |
| 260 | 0 | 0 | |a [s.l]: |b United Nations, Economic Commission for Africa, |c 1993. |
| 300 | 0 | 0 | |a 77 p.. |
| 650 | 0 | 0 | |a Economic indicators -- |x Economic conditions -- |z Africa |
| 651 | 0 | 0 | |a Africa |
| 999 | |a 0000008213 |b Book |c Open shelf |e Business Information Centre | ||


